-Ant Vocabulary - Statistics

General Stats
  • This quiz has been taken 32 times
  • The average score is 26 of 50
Answer Stats
Hint Answer % Correct
A tiny insect that lives in colonies and builds mounds. Ant
100%
Opposite of vowel. Consonant
90%
What you wear around your armpits to prevent the smell of sweat. Deodorant
90%
A large animal with grey skin and ivory tusks. Elephant
90%
A place where you pay for food to be cooked and served. Restaurant
87%
When a woman is developing a baby in her womb. Pregnant
84%
A person who participates in a contest against other people. Contestant
81%
Synonym for baby or newborn. Infant
81%
A repeated phrase shouted or sung in unison by a crowd of people. Chant
77%
Someone who moves into another country to live. Immigrant
77%
With style and grace. Elegant
74%
An enormous human-like creature, such as the one in Jack and the Beanstalk. Giant
74%
Teenage ______ Ninja Turtles. Mutant
74%
Clothing you wear around your legs. Pant
74%
A person who rents land or a house from a landlord. Tenant
71%
A person who works for and performs duties for another, such as a butler or house maid. Servant
68%
Organs and tissues are moved from one body to another in this type of surgical operation. Transplant
68%
A bulbous purple vegetable. Eggplant
65%
An oppressive ruler who cruelly abuses their power. Tyrant
65%
Trees, flowers, ferns, and grass are all this kind of organism. Plant
58%
To not be occupied, and thus available for usage. Vacant
58%
To believe yourself to be more important and able than is warranted. Arrogant
55%
Liquid used to destroy bacteria, usually on surfaces. Disinfectant
55%
Last name of the 18th U.S. president. Grant
55%
To be unsure or wary of performing an action. Hesitant
55%
To talk with uncontrolled anger, usually in opposition to a certain topic. Rant
55%
Opposite of ancestor. Descendant
52%
A type of bird that is related to turkeys and peacocks. Pheasant
52%
A poor farmer of low social status and owns only a small piece of land. Peasant
45%
To take back or no longer claim an opinion or statement made previously. Recant
45%
To be willing to do what someone asks you to do. Compliant
42%
An agent, particularly a drug, designed to slow down activity in the nervous system. Depressant
42%
A sweet and pleasant smell, such as perfume. Fragrant
39%
A person who's job is selling/buying goods for profit, especially with other countries. Merchant
39%
To be unwilling in performing an action. Reluctant
39%
To be superior and powerful over another. Dominant
35%
To affect a person or object with magic. Enchant
35%
To keep careful attention to potential problems or dangers. Vigilant
35%
To be especially intelligent, or for a color to be very bright. Brilliant
32%
Synonym of lively or energetic. Vibrant
32%
The substances that undergo change in a chemical reaction. Reactant
29%
The reciprocal of cosine. Secant
29%
The reciprocal of sine. Cosecant
26%
To remain in existence. Extant
26%
When something is so distasteful that it causes disgust and hatred. Repugnant
16%
An expression of anger towards something unjust. Indignant
13%
A binding agreement. Covenant
6%
An adjective for infectious and extremely hazardous disease. Malignant
6%
To go further than what is reasonable or appropriate. Extravagant
0%
To be important and crucial to something. Significant
0%
No matching quizzes found
Score Distribution
Percent of People with Each Score
Percentile by Number Answered
Your Score History
You have not taken this quiz